[Event "Stay Safe Play From Home 269"]
[Site "Emanuel Lasker Arena"]
[Date "2020.07.01"]
[Round "9"]
[White "Germanicus G"]
[Black "Broken sword"]
[Result "0-1"]
[WhiteElo "1398"]
[BlackElo "2464"]
[PlyCount "78"]
[EventDate "2020.07.01"]
[EventType "swiss (blitz)"]

1. e3 {[%emt 0:00:01]} c5 {[%emt 0:00:00]} 2. d3 {[%emt 0:00:01]} d5 {[%emt 0:00:01]} 3. c3 {[%emt 0:00:00]} Nc6 {[%emt 0:00:00]} 4. b3 {[%emt 0:00:01]} e5 {[%emt 0:00:00]} 5. Bb2 {[%emt 0:00:01]} f6 {[%emt 0:00:00]} 6. Ne2 {[%emt 0:00:01]} Be6 {[%emt 0:00:00]} 7. g3 {[%emt 0:00:00]} Qd7 {[%emt 0:00:00]} 8. Bg2 {[%emt 0:00:01]} Bd6 {[%emt 0:00:00]} 9. O-O {[%emt 0:00:01]} Nge7 {[%emt 0:00:00]} 10. d4 {[%emt 0:00:01]} cxd4 {[%emt 0:00:01]} 11. exd4 {[%emt 0:00:01]} e4 {[%emt 0:00:00]} 12. Nd2 {[%emt 0:00:04]} Bh3 {[%emt 0:00:01]} 13. c4 {[%emt 0:00:02]} h5 {[%emt 0:00:01]} 14. cxd5 {[%emt 0:00:02]} Nxd5 {[%emt 0:00:01]} 15. Nxe4 {[%emt 0:00:01]} Bxg2 {[%emt 0:00:02]} 16. Kxg2 {[%emt 0:00:02]} O-O-O {[%emt 0:00:01]} 17. N2c3 {[%emt 0:00:04]} Nxc3 {[%emt 0:00:01]} 18. Bxc3 {[%emt 0:00:01]} h4 {[%emt 0:00:00]} 19. Nxd6+ {[%emt 0:00:03]} Qxd6 {[%emt 0:00:01]} 20. Qg4+ {[%emt 0:00:01]} Kb8 {[%emt 0:00:01]} 21. Rad1 {[%emt 0:00:01]} g5 {[%emt 0:00:04]} 22. d5 {[%emt 0:00:02]} Ne5 {[%emt 0:00:00]} 23. Bxe5 {[%emt 0:00:02]} fxe5 {[%emt 0:00:00]} 24. Qxg5 {[%emt 0:00:04]} Rdg8 {[%emt 0:00:01]} 25. Qf5 {[%emt 0:00:03]} Rf8 {[%emt 0:00:01]} 26. Qe6 {[%emt 0:00:02]} Qxe6 {[%emt 0:00:01]} 27. dxe6 {[%emt 0:00:01]} Re8 {[%emt 0:00:00]} 28. Rfe1 {[%emt 0:00:01]} Rxe6 {[%emt 0:00:01]} 29. Rd5 {[%emt 0:00:01]} e4 {[%emt 0:00:01]} 30. Re3 {[%emt 0:00:02]} hxg3 {[%emt 0:00:01]} 31. hxg3 {[%emt 0:00:02]} Rhe8 {[%emt 0:00:01]} 32. g4 {[%emt 0:00:03]} Ra6 {[%emt 0:00:01]} 33. a4 {[%emt 0:00:02]} Rb6 {[%emt 0:00:01]} 34. Kg3 {[%emt 0:00:01]} Rf6 {[%emt 0:00:01]} 35. Rd4 {[%emt 0:00:01]} Ref8 {[%emt 0:00:00]} 36. Rdxe4 {[%emt 0:00:02]} Rxf2 {[%emt 0:00:01]} 37. g5 {[%emt 0:00:01]} Rf1 {[%emt 0:00:01]} 38. Kg4 {[%emt 0:00:01]} a6 {[%emt 0:00:01]} 39. Rg3 {[%emt 0:00:01]} Ka7 {[%emt 0:00:01] Zeit (Lag: Av=0.25s, max=0.8s)} 0-1

[Event "Stay Safe Play From Home 269"]
[Site "Emanuel Lasker Arena"]
[Date "2020.07.01"]
[Round "9"]
[White "Klasman"]
[Black "SoulofWolf"]
[Result "0-1"]
[WhiteElo "1336"]
[BlackElo "2143"]
[Annotator "NA"]
[PlyCount "52"]
[EventDate "2020.07.01"]
[EventType "swiss (blitz)"]

1. f4 {[%emt 0:00:02]} c6 {[%emt 0:00:00]} 2. e4 {[%emt 0:00:01]} b5 {[%emt 0:00:00]} 3. d4 {[%emt 0:00:01]} Na6 {[%emt 0:00:00]} 4. Nf3 {[%emt 0:00:01]} Bb7 {[%emt 0:00:00]} 5. Bd3 {[%emt 0:00:01]} Qa5+ {[%emt 0:00:01]} 6. Bd2 {[%emt 0:00:01]} Qb6 {[%emt 0:00:00]} 7. c3 {[%emt 0:00:02]} g6 {[%emt 0:00:00]} 8. Be3 {[%emt 0:00:02]} f5 {[%emt 0:00:02]} 9. exf5 {[%emt 0:00:04]} gxf5 {[%emt 0:00:00]} 10. Ne5 {[%emt 0:00:02]} e6 {[%emt 0:00:02]} 11. Qh5+ {[%emt 0:00:02]} Kd8 {[%emt 0:00:02]} 12. Qf7 {[%emt 0:00:02]} Kc7 {[%emt 0:00:00]} 13. Qxd7+ {[%emt 0:00:02]} Kb8 {[%emt 0:00:00]} 14. Qe8+ {[%emt 0:00:03]} Bc8 {[%emt 0:00:02]} 15. Nd7+ {[%emt 0:00:02]} Kb7 {[%emt 0:00:01]} 16. Nxb6 {[%emt 0:00:01]} Kxb6 {[%emt 0:00:00]} 17. Qxf8 {[%emt 0:00:01]} Nc7 {[%emt 0:00:02]} 18. Qg7 {[%emt 0:00:01]} Ne7 {[%emt 0:00:01]} 19. Qxh8 {[%emt 0:00:01]} Ned5 {[%emt 0:00:01]} 20. Ke2 {[%emt 0:00:03]} Ba6 {[%emt 0:00:01]} 21. Na3 {[%emt 0:00:02]} Rxh8 {[%emt 0:00:02]} 22. c4 {[%emt 0:00:02]} Nb4 {[%emt 0:00:04]} 23. cxb5 {[%emt 0:00:01]} cxb5 {[%emt 0:00:00]} 24. Nxb5 {[%emt 0:00:02]} Nxb5 {[%emt 0:00:07]} 25. Bxb5 {[%emt 0:00:03]} Bxb5+ {[%emt 0:00:01]} 26. Kf2 {[%emt 0:00:01]} Nd3+ {[%emt 0:00:01] Time (Lag: Av=0.36s, max=0.8s)} 0-1